Beauty and the beast [

Bibliographic Details
Other Authors: Disney's
Format: Book
Published: Kuala Lumpur : Euro Books , 2003
Series:Silver screen classics
Subjects:

MARC

LEADER 00000cam a2200000 7i4500
001 0000002095
005 20220105103933.0
020 |a 8128608266 
090 0 0 |a JP   |b FT ENG (2335) 
245 1 0 |a Beauty and the beast [  |h Disney's] 
260 |a Kuala Lumpur :   |b Euro Books ,   |c 2003 
440 |a Silver screen classics 
500 |a Children age 4-6 years old (yellow) 
650 0 |a Fairy tales 
700 0 |a Disney's 
999 |a 0000966625   |b Book   |c Children Collection   |e Perbadanan Perpustakaan Awam Johor 
999 |a 0000966626   |b Book   |c Children Collection   |e Perbadanan Perpustakaan Awam Johor 
999 |a 0000966628   |b Book   |c Children Collection   |e Perbadanan Perpustakaan Awam Johor 
999 |a 0000966629   |b Book   |c Children Collection   |e Perbadanan Perpustakaan Awam Johor